Člověk v průmyslovém podniku psychologie a sociologie v řídící práci
Salvato in:
| Autore principale: | |
|---|---|
| Altri autori: | |
| Natura: | Libro |
| Lingua: | ceco |
| Pubblicazione: |
Plzeň
Západočeské nakladatelství
1970
|
| Tags: |
Nessun Tag, puoi essere il primo ad aggiungerne!!
|
MARC
| LEADER | 00000nam a2200000 4500 | ||
|---|---|---|---|
| 001 | c121922 | ||
| 005 | 20041019155223.8 | ||
| 041 | 0 | |a cze | |
| 044 | |a CZ | ||
| 245 | 1 | 0 | |a Člověk v průmyslovém podniku |b psychologie a sociologie v řídící práci |c Vladimír Čech, Eduard Jukl |
| 264 | 1 | |a Plzeň |b Západočeské nakladatelství |c 1970 | |
| 300 | |a 182 s. | ||
| 100 | 1 | |a Čech, Vladimír | |
| 700 | 1 | |a Jukl, Eduard | |